[Event "Deutsche Ländermeisterschaft 2025"]
[Site "Oer-Erkenschwick GER"]
[Date "2025.10.01"]
[Round "1"]
[White "Held, Momme Fredrik"]
[Black "den Heijer, Rolinde"]
[Result "0-1"]
[Termination "normal"]
[Board "2.3"]
[WhiteElo "2081"]
[BlackElo "2065"]
[WhiteClock "00:31:46"]
[BlackClock "00:27:57"]
[WhiteTeam "Berlin"]
[BlackTeam "Stichts-Gooise Schaakbond"]
[PlyCount "106"]
[WhiteFideId "16237692"]
[BlackFideId "1068300"]
[EventCountry "GER"]
[EventRounds "7"]
[EventType "team-swiss"]
[EventDate "2025.09.30"]

1. c4 {[%clk 01:30:57]} {[%emt 00:00:02]} e6 {[%clk 01:30:54]} {[%emt
00:00:07]} 2. g3 {[%clk 01:31:21]} {[%emt 00:00:07]} Nf6 {[%clk 01:31:09]}
{[%emt 00:00:15]} 3. Bg2 {[%clk 01:31:43]} {[%emt 00:00:07]} d5 {[%clk
01:31:24]} {[%emt 00:00:15]} 4. Nf3 {[%clk 01:32:07]} {[%emt 00:00:06]} dxc4
{[%clk 01:31:30]} {[%emt 00:00:24]} 5. Qa4+ {[%clk 01:30:59]} {[%emt 00:01:38]}
Nbd7 {[%clk 01:31:40]} {[%emt 00:00:20]} 6. Qxc4 {[%clk 01:31:08]} {[%emt
00:00:21]} a6 {[%clk 01:31:33]} {[%emt 00:00:37]} 7. Qc2 {[%clk 01:31:09]}
{[%emt 00:00:30]} Be7 {[%clk 01:29:35]} {[%emt 00:02:29]} 8. d4 {[%clk
01:29:54]} {[%emt 00:01:47]} O-O {[%clk 01:27:41]} {[%emt 00:02:26]} 9. O-O
{[%clk 01:29:00]} {[%emt 00:01:26]} c5 {[%clk 01:25:56]} {[%emt 00:02:17]} 10.
Rd1 {[%clk 01:23:26]} {[%emt 00:06:12]} Nd5 {[%clk 01:20:42]} {[%emt 00:05:51]}
11. Nc3 {[%clk 01:09:48]} {[%emt 00:14:27]} Nb4 {[%clk 01:08:39]} {[%emt
00:12:59]} 12. Qb1 {[%clk 01:00:53]} {[%emt 00:09:45]} Qe8 {[%clk 00:56:33]}
{[%emt 00:13:07]} 13. Be3 {[%clk 00:59:14]} {[%emt 00:02:16]} cxd4 {[%clk
00:44:19]} {[%emt 00:13:26]} 14. Nxd4 {[%clk 00:58:42]} {[%emt 00:01:06]} Ne5
{[%clk 00:42:05]} {[%emt 00:02:56]} 15. Qe4 {[%clk 00:53:19]} {[%emt 00:06:13]}
Nc4 {[%clk 00:35:09]} {[%emt 00:07:51]} 16. a3 {[%clk 00:37:13]} {[%emt
00:17:33]} Nd5 {[%clk 00:26:13]} {[%emt 00:09:42]} 17. Nxd5 {[%clk 00:35:09]}
{[%emt 00:02:45]} exd5 {[%clk 00:24:43]} {[%emt 00:02:09]} 18. Qxd5 {[%clk
00:35:26]} {[%emt 00:00:13]} Nxe3 {[%clk 00:23:31]} {[%emt 00:01:49]} 19. fxe3
{[%clk 00:35:52]} {[%emt 00:00:04]} Bf6 {[%clk 00:22:33]} {[%emt 00:01:34]} 20.
Rd3 {[%clk 00:28:23]} {[%emt 00:08:26]} Rb8 {[%clk 00:18:26]} {[%emt 00:04:57]}
21. Rc1 {[%clk 00:23:34]} {[%emt 00:05:37]} b5 {[%clk 00:17:08]} {[%emt
00:01:53]} 22. Rc7 {[%clk 00:22:56]} {[%emt 00:01:13]} Bd8 {[%clk 00:15:00]}
{[%emt 00:02:49]} 23. Rc2 {[%clk 00:17:10]} {[%emt 00:06:37]} Bb7 {[%clk
00:14:05]} {[%emt 00:01:28]} 24. Qd6 {[%clk 00:15:50]} {[%emt 00:01:56]} Bg5
{[%clk 00:12:29]} {[%emt 00:02:15]} 25. Nc6 {[%clk 00:13:38]} {[%emt 00:02:52]}
Rc8 {[%clk 00:10:00]} {[%emt 00:03:09]} 26. Kh1 {[%clk 00:12:32]} {[%emt
00:01:43]} Kh8 {[%clk 00:09:10]} {[%emt 00:01:26]} 27. Qd7 {[%clk 00:11:10]}
{[%emt 00:01:57]} Ba8 {[%clk 00:06:16]} {[%emt 00:03:28]} 28. Qxe8 {[%clk
00:05:10]} {[%emt 00:06:55]} Rfxe8 {[%clk 00:06:15]} {[%emt 00:00:34]} 29. Nd4
{[%clk 00:05:26]} {[%emt 00:00:15]} Bxg2+ {[%clk 00:04:48]} {[%emt 00:02:04]}
30. Kxg2 {[%clk 00:05:53]} {[%emt 00:00:04]} Rxc2 {[%clk 00:04:41]} {[%emt
00:00:40]} 31. Nxc2 {[%clk 00:06:19]} {[%emt 00:00:04]} Rc8 {[%clk 00:03:33]}
{[%emt 00:01:41]} 32. Nd4 {[%clk 00:06:30]} {[%emt 00:00:19]} g6 {[%clk
00:02:56]} {[%emt 00:01:06]} 33. Kf3 {[%clk 00:06:55]} {[%emt 00:00:07]} Rc1
{[%clk 00:02:17]} {[%emt 00:01:11]} 34. Nb3 {[%clk 00:05:27]} {[%emt 00:02:02]}
Rb1 {[%clk 00:01:51]} {[%emt 00:00:57]} 35. Rd2 {[%clk 00:05:22]} {[%emt
00:00:36]} Rh1 {[%clk 00:00:53]} {[%emt 00:01:31]} 36. Nc5 {[%clk 00:04:49]}
{[%emt 00:01:05]} Rf1+ {[%clk 00:00:42]} {[%emt 00:00:42]} 37. Kg2 {[%clk
00:02:20]} {[%emt 00:03:04]} Rf5 {[%clk 00:00:53]} {[%emt 00:00:18]} 38. Nxa6
{[%clk 00:01:31]} {[%emt 00:01:19]} Bxe3 {[%clk 00:00:58]} {[%emt 00:00:26]}
39. Rc2 {[%clk 00:01:56]} {[%emt 00:00:04]} Rf2+ {[%clk 00:00:48]} {[%emt
00:00:41]} 40. Kh3 {[%clk 00:01:16]} {[%emt 00:01:11]} h5 {[%clk 00:00:58]}
{[%emt 00:00:20]} 41. g4 {[%clk 00:27:55]} {[%emt 00:03:57]} Bf4 {[%clk
00:27:43]} {[%emt 00:03:45]} 42. gxh5 {[%clk 00:28:20]} {[%emt 00:00:05]} gxh5
{[%clk 00:28:01]} {[%emt 00:00:12]} 43. e3 {[%clk 00:28:37]} {[%emt 00:00:13]}
Rxc2 {[%clk 00:27:56]} {[%emt 00:00:35]} 44. exf4 {[%clk 00:29:04]} {[%emt
00:00:04]} Rxb2 {[%clk 00:28:08]} {[%emt 00:00:18]} 45. Nc7 {[%clk 00:29:23]}
{[%emt 00:00:10]} Kg7 {[%clk 00:28:12]} {[%emt 00:00:26]} 46. Kg3 {[%clk
00:29:39]} {[%emt 00:00:15]} Kf6 {[%clk 00:27:57]} {[%emt 00:00:44]} 47. Kf3
{[%clk 00:29:48]} {[%emt 00:00:22]} Kf5 {[%clk 00:28:07]} {[%emt 00:00:20]} 48.
Nd5 {[%clk 00:29:57]} {[%emt 00:00:21]} Rxh2 {[%clk 00:27:54]} {[%emt
00:00:43]} 49. Ne3+ {[%clk 00:30:21]} {[%emt 00:00:06]} Ke6 {[%clk 00:28:00]}
{[%emt 00:00:23]} 50. Ke4 {[%clk 00:30:33]} {[%emt 00:00:19]} Ra2 {[%clk
00:28:02]} {[%emt 00:00:28]} 51. Nd5 {[%clk 00:30:56]} {[%emt 00:00:08]} h4
{[%clk 00:27:23]} {[%emt 00:01:09]} 52. Nc7+ {[%clk 00:31:20]} {[%emt
00:00:06]} Kd7 {[%clk 00:27:42]} {[%emt 00:00:09]} 53. Nxb5 {[%clk 00:31:46]}
{[%emt 00:00:05]} h3 {[%clk 00:27:57]} {[%emt 00:00:16]} 0-1

[Event "Deutsche Ländermeisterschaft 2025"]
[Site "Oer-Erkenschwick GER"]
[Date "2025.10.01"]
[Round "1"]
[White "de Jong, Lode"]
[Black "Gersemann, Karl"]
[Result "1-0"]
[Termination "normal"]
[Board "2.4"]
[WhiteTitle "CM"]
[WhiteElo "1978"]
[BlackElo "2001"]
[WhiteClock "00:11:15"]
[BlackClock "00:25:58"]
[WhiteTeam "Stichts-Gooise Schaakbond"]
[BlackTeam "Berlin"]
[PlyCount "65"]
[WhiteFideId "40101860"]
[BlackFideId "34602186"]
[EventCountry "GER"]
[EventRounds "7"]
[EventType "team-swiss"]
[EventDate "2025.09.30"]

1. e4 {[%clk 01:30:58]} {[%emt 00:00:01]} c5 {[%clk 01:30:56]} {[%emt
00:00:04]} 2. Nf3 {[%clk 01:31:24]} {[%emt 00:00:05]} d6 {[%clk 01:31:21]}
{[%emt 00:00:04]} 3. d4 {[%clk 01:31:50]} {[%emt 00:00:04]} cxd4 {[%clk
01:31:42]} {[%emt 00:00:09]} 4. Nxd4 {[%clk 01:32:15]} {[%emt 00:00:05]} Nf6
{[%clk 01:32:07]} {[%emt 00:00:04]} 5. Nc3 {[%clk 01:32:40]} {[%emt 00:00:05]}
a6 {[%clk 01:32:34]} {[%emt 00:00:04]} 6. Be3 {[%clk 01:33:04]} {[%emt
00:00:06]} e5 {[%clk 01:32:59]} {[%emt 00:00:05]} 7. Nb3 {[%clk 01:33:30]}
{[%emt 00:00:04]} Be7 {[%clk 01:33:24]} {[%emt 00:00:05]} 8. h3 {[%clk
01:33:51]} {[%emt 00:00:09]} Be6 {[%clk 01:33:49]} {[%emt 00:00:06]} 9. Qf3
{[%clk 01:34:14]} {[%emt 00:00:07]} O-O {[%clk 01:33:32]} {[%emt 00:00:46]} 10.
O-O-O {[%clk 01:34:38]} {[%emt 00:00:06]} b5 {[%clk 01:33:52]} {[%emt
00:00:11]} 11. g4 {[%clk 01:34:56]} {[%emt 00:00:12]} b4 {[%clk 01:34:00]}
{[%emt 00:00:23]} 12. Nd5 {[%clk 01:35:20]} {[%emt 00:00:05]} Nxd5 {[%clk
01:34:23]} {[%emt 00:00:07]} 13. exd5 {[%clk 01:35:45]} {[%emt 00:00:04]} Bc8
{[%clk 01:34:47]} {[%emt 00:00:06]} 14. Bd3 {[%clk 01:29:00]} {[%emt 00:07:16]}
a5 {[%clk 01:32:47]} {[%emt 00:02:30]} 15. Nd2 {[%clk 01:29:08]} {[%emt
00:00:21]} Qc7 {[%clk 01:31:09]} {[%emt 00:02:08]} 16. h4 {[%clk 01:28:01]}
{[%emt 00:01:38]} Ba6 {[%clk 01:28:24]} {[%emt 00:03:16]} 17. Bf5 {[%clk
01:23:47]} {[%emt 00:04:44]} a4 {[%clk 01:25:22]} {[%emt 00:03:32]} 18. Bg5
{[%clk 01:08:42]} {[%emt 00:15:35]} g6 {[%clk 01:16:46]} {[%emt 00:09:06]} 19.
Ne4 {[%clk 00:59:37]} {[%emt 00:09:35]} gxf5 {[%clk 01:01:53]} {[%emt
00:15:22]} 20. gxf5 {[%clk 00:59:43]} {[%emt 00:00:24]} Rc8 {[%clk 00:55:30]}
{[%emt 00:06:53]} 21. Rd2 {[%clk 00:58:17]} {[%emt 00:01:56]} b3 {[%clk
00:52:58]} {[%emt 00:03:02]} 22. a3 {[%clk 00:34:04]} {[%emt 00:24:43]} f6
{[%clk 00:37:45]} {[%emt 00:15:43]} 23. Nxf6+ {[%clk 00:24:14]} {[%emt
00:10:20]} Bxf6 {[%clk 00:37:44]} {[%emt 00:00:31]} 24. Bxf6 {[%clk 00:24:39]}
{[%emt 00:00:05]} Qf7 {[%clk 00:37:39]} {[%emt 00:00:34]} 25. Rg1+ {[%clk
00:24:56]} {[%emt 00:00:14]} Kf8 {[%clk 00:38:03]} {[%emt 00:00:06]} 26. Bg5
{[%clk 00:22:47]} {[%emt 00:02:40]} Ra7 {[%clk 00:30:03]} {[%emt 00:08:30]} 27.
Bh6+ {[%clk 00:21:31]} {[%emt 00:01:46]} Ke8 {[%clk 00:30:24]} {[%emt
00:00:09]} 28. f6 {[%clk 00:20:50]} {[%emt 00:01:12]} Nd7 {[%clk 00:28:57]}
{[%emt 00:01:56]} 29. Rg7 {[%clk 00:21:12]} {[%emt 00:00:08]} Nxf6 {[%clk
00:28:32]} {[%emt 00:00:55]} 30. Rxf7 {[%clk 00:21:36]} {[%emt 00:00:06]} Rxf7
{[%clk 00:28:51]} {[%emt 00:00:11]} 31. Qf5 {[%clk 00:20:06]} {[%emt 00:02:00]}
Ng8 {[%clk 00:25:33]} {[%emt 00:03:48]} 32. Qe6+ {[%clk 00:20:19]} {[%emt
00:00:16]} Ne7 {[%clk 00:25:58]} {[%emt 00:00:06]} 33. Qxd6 {[%clk 00:11:15]}
{[%emt 00:09:36]} 1-0

[Event "Deutsche Ländermeisterschaft 2025"]
[Site "Oer-Erkenschwick GER"]
[Date "2025.10.01"]
[Round "1"]
[White "Lorenz, Veronika"]
[Black "Gergin, Isafara"]
[Result "0-1"]
[Termination "normal"]
[Board "2.5"]
[WhiteElo "1972"]
[BlackElo "1984"]
[WhiteClock "00:02:36"]
[BlackClock "00:02:54"]
[WhiteTeam "Berlin"]
[BlackTeam "Stichts-Gooise Schaakbond"]
[PlyCount "64"]
[WhiteFideId "16277406"]
[BlackFideId "1082167"]
[EventCountry "GER"]
[EventRounds "7"]
[EventType "team-swiss"]
[EventDate "2025.09.30"]

1. e4 {[%clk 01:30:58]} {[%emt 00:00:01]} c6 {[%clk 01:30:50]} {[%emt
00:00:11]} 2. d4 {[%clk 01:31:26]} {[%emt 00:00:01]} d5 {[%clk 01:31:14]}
{[%emt 00:00:07]} 3. exd5 {[%clk 01:31:55]} {[%emt 00:00:02]} cxd5 {[%clk
01:31:36]} {[%emt 00:00:07]} 4. c4 {[%clk 01:32:24]} {[%emt 00:00:01]} Nf6
{[%clk 01:30:57]} {[%emt 00:01:09]} 5. Nc3 {[%clk 01:32:52]} {[%emt 00:00:02]}
g6 {[%clk 01:30:41]} {[%emt 00:00:47]} 6. cxd5 {[%clk 01:33:20]} {[%emt
00:00:02]} Bg7 {[%clk 01:30:38]} {[%emt 00:00:32]} 7. Bc4 {[%clk 01:33:37]}
{[%emt 00:00:13]} O-O {[%clk 01:29:17]} {[%emt 00:01:52]} 8. Nf3 {[%clk
01:33:45]} {[%emt 00:00:22]} Nbd7 {[%clk 01:26:47]} {[%emt 00:03:00]} 9. d6
{[%clk 01:34:07]} {[%emt 00:00:08]} exd6 {[%clk 01:21:14]} {[%emt 00:06:03]}
10. O-O {[%clk 01:34:20]} {[%emt 00:00:16]} Nb6 {[%clk 01:19:25]} {[%emt
00:02:19]} 11. Bb3 {[%clk 01:32:38]} {[%emt 00:02:13]} d5 {[%clk 01:13:23]}
{[%emt 00:06:32]} 12. Ne5 {[%clk 01:29:13]} {[%emt 00:03:54]} Be6 {[%clk
01:05:45]} {[%emt 00:08:08]} 13. Re1 {[%clk 01:22:05]} {[%emt 00:07:37]} Rc8
{[%clk 01:03:46]} {[%emt 00:02:30]} 14. Bg5 {[%clk 01:14:28]} {[%emt 00:08:06]}
Qd6 {[%clk 00:48:07]} {[%emt 00:16:10]} 15. Rc1 {[%clk 00:54:31]} {[%emt
00:20:27]} Nc4 {[%clk 00:36:43]} {[%emt 00:11:54]} 16. Bxc4 {[%clk 00:50:15]}
{[%emt 00:04:47]} dxc4 {[%clk 00:35:21]} {[%emt 00:01:51]} 17. Bxf6 {[%clk
00:49:52]} {[%emt 00:00:53]} Bxf6 {[%clk 00:34:55]} {[%emt 00:00:56]} 18. Ne4
{[%clk 00:50:11]} {[%emt 00:00:11]} Qe7 {[%clk 00:34:23]} {[%emt 00:01:02]} 19.
Nxf6+ {[%clk 00:48:22]} {[%emt 00:02:19]} Qxf6 {[%clk 00:34:41]} {[%emt
00:00:11]} 20. d5 {[%clk 00:35:10]} {[%emt 00:13:42]} Rcd8 {[%clk 00:26:52]}
{[%emt 00:08:19]} 21. d6 {[%clk 00:35:01]} {[%emt 00:00:39]} Qf4 {[%clk
00:19:39]} {[%emt 00:07:42]} 22. g3 {[%clk 00:29:43]} {[%emt 00:05:49]} Qf5
{[%clk 00:19:03]} {[%emt 00:01:06]} 23. Nxc4 {[%clk 00:28:21]} {[%emt
00:01:52]} Qc5 {[%clk 00:15:30]} {[%emt 00:04:04]} 24. Re5 {[%clk 00:20:42]}
{[%emt 00:08:09]} Qc6 {[%clk 00:15:11]} {[%emt 00:00:49]} 25. Qd4 {[%clk
00:15:23]} {[%emt 00:05:49]} b5 {[%clk 00:11:08]} {[%emt 00:04:34]} 26. Rc5
{[%clk 00:15:47]} {[%emt 00:00:05]} Qa6 {[%clk 00:10:32]} {[%emt 00:01:06]} 27.
Na3 {[%clk 00:12:56]} {[%emt 00:03:19]} Rxd6 {[%clk 00:10:12]} {[%emt
00:00:51]} 28. Qb4 {[%clk 00:12:09]} {[%emt 00:01:16]} Qb7 {[%clk 00:04:25]}
{[%emt 00:06:18]} 29. Nc2 {[%clk 00:02:04]} {[%emt 00:10:35]} Bh3 {[%clk
00:03:54]} {[%emt 00:01:01]} 30. Ne3 {[%clk 00:02:32]} {[%emt 00:00:02]} Rfd8
{[%clk 00:03:44]} {[%emt 00:00:41]} 31. Qb3 {[%clk 00:02:08]} {[%emt 00:00:53]}
Rd3 {[%clk 00:03:22]} {[%emt 00:00:52]} 32. Qc2 {[%clk 00:02:36]} {[%emt
00:00:01]} Qf3 {[%clk 00:02:54]} {[%emt 00:00:59]} 0-1

[Event "Deutsche Ländermeisterschaft 2025"]
[Site "Oer-Erkenschwick GER"]
[Date "2025.10.01"]
[Round "1"]
[White "Koorevaar, Sarah-Joy"]
[Black "Chakhalov, Mikael"]
[Result "1/2-1/2"]
[Termination "normal"]
[Board "2.6"]
[WhiteElo "1811"]
[BlackElo "1949"]
[WhiteClock "00:14:21"]
[BlackClock "00:44:01"]
[WhiteTeam "Stichts-Gooise Schaakbond"]
[BlackTeam "Berlin"]
[PlyCount "41"]
[WhiteFideId "1091174"]
[BlackFideId "34644458"]
[EventCountry "GER"]
[EventRounds "7"]
[EventType "team-swiss"]
[EventDate "2025.09.30"]

1. d4 {[%clk 01:30:59]} Nf6 {[%clk 01:30:52]} {[%emt 00:00:08]} 2. Nf3 {[%clk
01:31:24]} {[%emt 00:00:05]} e6 {[%clk 01:31:09]} {[%emt 00:00:13]} 3. g3
{[%clk 01:31:50]} {[%emt 00:00:04]} b6 {[%clk 01:31:28]} {[%emt 00:00:11]} 4.
Bg2 {[%clk 01:32:14]} {[%emt 00:00:06]} Bb7 {[%clk 01:31:53]} {[%emt 00:00:04]}
5. O-O {[%clk 01:32:36]} {[%emt 00:00:08]} Be7 {[%clk 01:32:07]} {[%emt
00:00:16]} 6. c4 {[%clk 01:33:00]} {[%emt 00:00:07]} O-O {[%clk 01:32:22]}
{[%emt 00:00:15]} 7. Nc3 {[%clk 01:33:24]} {[%emt 00:00:06]} Ne4 {[%clk
01:32:11]} {[%emt 00:00:41]} 8. Qc2 {[%clk 01:32:41]} {[%emt 00:01:13]} f5
{[%clk 01:32:11]} {[%emt 00:00:30]} 9. Ne5 {[%clk 01:27:16]} {[%emt 00:05:55]}
d5 {[%clk 01:21:07]} {[%emt 00:11:34]} 10. Bf4 {[%clk 01:08:10]} {[%emt
00:19:36]} g5 {[%clk 01:17:40]} {[%emt 00:03:57]} 11. cxd5 {[%clk 00:56:38]}
{[%emt 00:12:02]} Nxc3 {[%clk 01:11:42]} {[%emt 00:06:28]} 12. d6 {[%clk
00:56:19]} {[%emt 00:00:49]} Bxg2 {[%clk 01:05:14]} {[%emt 00:06:59]} 13. dxe7
{[%clk 00:54:32]} {[%emt 00:02:16]} Qxe7 {[%clk 01:05:42]} {[%emt 00:00:02]}
14. Kxg2 {[%clk 00:54:38]} {[%emt 00:00:24]} Nd5 {[%clk 00:53:12]} {[%emt
00:13:00]} 15. Bd2 {[%clk 00:49:55]} {[%emt 00:05:13]} f4 {[%clk 00:50:43]}
{[%emt 00:02:59]} 16. Rg1 {[%clk 00:28:19]} {[%emt 00:22:07]} Nd7 {[%clk
00:45:09]} {[%emt 00:06:04]} 17. gxf4 {[%clk 00:24:47]} {[%emt 00:04:02]} gxf4
{[%clk 00:44:33]} {[%emt 00:01:06]} 18. Kh1+ {[%clk 00:21:53]} {[%emt
00:03:24]} Kh8 {[%clk 00:44:37]} {[%emt 00:00:26]} 19. Nxd7 Qxd7 {[%clk
00:44:38]} 20. Qe4 {[%clk 00:16:32]} {[%emt 00:01:01]} Qf7 {[%clk 00:44:01]}
{[%emt 00:01:06]} 21. Qe5+ {[%clk 00:14:21]} {[%emt 00:02:42]} 1/2-1/2

[Event "Deutsche Ländermeisterschaft 2025"]
[Site "Oer-Erkenschwick GER"]
[Date "2025.10.01"]
[Round "1"]
[White "Fock, Madiha"]
[Black "Nguyen, Paul"]
[Result "0-1"]
[Termination "normal"]
[Board "2.7"]
[WhiteElo "1855"]
[BlackElo "1790"]
[WhiteClock "00:25:10"]
[BlackClock "01:09:43"]
[WhiteTeam "Berlin"]
[BlackTeam "Stichts-Gooise Schaakbond"]
[PlyCount "94"]
[WhiteFideId "16253574"]
[BlackFideId "1095072"]
[EventCountry "GER"]
[EventRounds "7"]
[EventType "team-swiss"]
[EventDate "2025.09.30"]

1. e4 {[%clk 01:30:57]} {[%emt 00:00:03]} e5 {[%clk 01:30:57]} {[%emt
00:00:04]} 2. Nf3 {[%clk 01:30:59]} {[%emt 00:00:27]} Nc6 {[%clk 01:31:23]}
{[%emt 00:00:05]} 3. Bb5 {[%clk 01:30:40]} {[%emt 00:00:48]} a6 {[%clk
01:31:46]} {[%emt 00:00:08]} 4. Bxc6 {[%clk 01:30:16]} {[%emt 00:00:54]} dxc6
{[%clk 01:32:10]} {[%emt 00:00:06]} 5. O-O {[%clk 01:30:39]} {[%emt 00:00:06]}
Bg4 {[%clk 01:31:21]} {[%emt 00:01:19]} 6. h3 {[%clk 01:30:23]} {[%emt
00:00:47]} h5 {[%clk 01:31:46]} {[%emt 00:00:05]} 7. d3 {[%clk 01:30:32]}
{[%emt 00:00:21]} Qf6 {[%clk 01:31:20]} {[%emt 00:00:56]} 8. Nbd2 {[%clk
01:30:24]} {[%emt 00:00:37]} Bc5 {[%clk 01:30:56]} {[%emt 00:00:54]} 9. Nc4
{[%clk 01:16:48]} {[%emt 00:14:07]} Bxf3 {[%clk 01:29:50]} {[%emt 00:01:36]}
10. Qxf3 {[%clk 01:16:55]} {[%emt 00:00:22]} Qxf3 {[%clk 01:30:08]} {[%emt
00:00:13]} 11. gxf3 {[%clk 01:17:17]} {[%emt 00:00:08]} f6 {[%clk 01:29:38]}
{[%emt 00:01:00]} 12. f4 {[%clk 01:11:21]} {[%emt 00:06:26]} exf4 {[%clk
01:26:01]} {[%emt 00:04:07]} 13. Bxf4 {[%clk 01:11:32]} {[%emt 00:00:18]} O-O-O
{[%clk 01:26:27]} {[%emt 00:00:04]} 14. Be3 {[%clk 01:01:23]} {[%emt 00:10:39]}
Bd6 {[%clk 01:26:01]} {[%emt 00:00:56]} 15. f4 {[%clk 00:54:30]} {[%emt
00:07:23]} Nh6 {[%clk 01:24:52]} {[%emt 00:01:40]} 16. Kh1 {[%clk 00:50:57]}
{[%emt 00:04:03]} Rdg8 {[%clk 01:23:16]} {[%emt 00:02:07]} 17. Rg1 {[%clk
00:47:22]} {[%emt 00:04:05]} Nf7 {[%clk 01:16:48]} {[%emt 00:06:58]} 18. Rg6
{[%clk 00:45:47]} {[%emt 00:02:04]} Rh6 {[%clk 01:10:06]} {[%emt 00:07:13]} 19.
Rag1 {[%clk 00:41:54]} {[%emt 00:04:22]} Rxg6 {[%clk 01:09:10]} {[%emt
00:01:27]} 20. Rxg6 {[%clk 00:42:10]} {[%emt 00:00:14]} Kd7 {[%clk 01:07:50]}
{[%emt 00:01:50]} 21. Kg1 {[%clk 00:36:46]} {[%emt 00:05:54]} Ke7 {[%clk
01:06:21]} {[%emt 00:02:00]} 22. Kf2 {[%clk 00:33:28]} {[%emt 00:03:48]} c5
{[%clk 01:04:40]} {[%emt 00:02:12]} 23. Kf3 {[%clk 00:27:55]} {[%emt 00:06:02]}
b6 {[%clk 01:01:57]} {[%emt 00:03:13]} 24. Bd2 {[%clk 00:24:45]} {[%emt
00:03:39]} Kf8 {[%clk 00:59:09]} {[%emt 00:03:18]} 25. Bc3 {[%clk 00:19:54]}
{[%emt 00:05:22]} Be7 {[%clk 00:58:26]} {[%emt 00:01:13]} 26. Ne3 {[%clk
00:18:24]} {[%emt 00:01:59]} Nh6 {[%clk 00:54:11]} {[%emt 00:04:45]} 27. Nd5
{[%clk 00:17:39]} {[%emt 00:01:16]} Bd8 {[%clk 00:53:40]} {[%emt 00:01:00]} 28.
Kg3 {[%clk 00:13:16]} {[%emt 00:04:52]} Nf7 {[%clk 00:52:47]} {[%emt 00:01:24]}
29. Kf3 {[%clk 00:11:59]} {[%emt 00:01:47]} c6 {[%clk 00:50:14]} {[%emt
00:03:03]} 30. Ne3 {[%clk 00:11:45]} {[%emt 00:00:43]} Nh6 {[%clk 00:49:17]}
{[%emt 00:01:26]} 31. Nc4 {[%clk 00:08:23]} {[%emt 00:03:52]} Kf7 {[%clk
00:47:43]} {[%emt 00:02:04]} 32. f5 {[%clk 00:08:16]} {[%emt 00:00:37]} b5
{[%clk 00:46:10]} {[%emt 00:02:04]} 33. Ne3 {[%clk 00:06:31]} {[%emt 00:02:15]}
Kf8 {[%clk 00:45:20]} {[%emt 00:01:20]} 34. Ng2 {[%clk 00:06:31]} {[%emt
00:00:29]} Nf7 {[%clk 00:45:17]} {[%emt 00:00:33]} 35. Nf4 {[%clk 00:06:28]}
{[%emt 00:00:32]} b4 {[%clk 00:44:54]} {[%emt 00:00:54]} 36. Ne6+ {[%clk
00:06:01]} {[%emt 00:00:57]} Ke8 {[%clk 00:44:40]} {[%emt 00:00:45]} 37. Rxg7
{[%clk 00:06:15]} {[%emt 00:00:16]} Ng5+ {[%clk 00:43:39]} {[%emt 00:01:31]}
38. Kg2 {[%clk 00:01:15]} {[%emt 00:05:30]} Rxg7 {[%clk 00:43:11]} {[%emt
00:00:58]} 39. Nxg7+ {[%clk 00:01:43]} {[%emt 00:00:01]} Kf8 {[%clk 00:43:11]}
{[%emt 00:00:30]} 40. Bxb4 {[%clk 00:01:03]} {[%emt 00:01:10]} Kxg7 {[%clk
00:43:03]} {[%emt 00:00:39]} 41. Bxc5 {[%clk 00:01:22]} {[%emt 00:00:11]} Nf7
{[%clk 00:43:27]} {[%emt 00:00:05]} 42. Kg3 {[%clk 00:30:29]} {[%emt 00:01:22]}
Bc7+ {[%clk 01:13:25]} {[%emt 00:00:33]} 43. Kh4 {[%clk 00:30:43]} {[%emt
00:00:15]} Be5 {[%clk 01:10:21]} {[%emt 00:03:36]} 44. b3 {[%clk 00:29:57]}
{[%emt 00:01:16]} Kh6 {[%clk 01:09:37]} {[%emt 00:01:14]} 45. Be3+ {[%clk
00:26:38]} {[%emt 00:03:48]} Ng5 {[%clk 01:10:01]} {[%emt 00:00:07]} 46. d4
{[%clk 00:25:58]} {[%emt 00:01:10]} Bxd4 {[%clk 01:09:43]} {[%emt 00:00:48]}
47. Bd2 {[%clk 00:25:10]} {[%emt 00:01:17]} Bf2# {[%emt 00:00:12]} 0-1